| 000 | 00421nam a2200169Ia 4500 | ||
|---|---|---|---|
| 001 | 37068 | ||
| 005 | 20240114001920.0 | ||
| 007 | ta | ||
| 008 | 070524s a g b000 u u | ||
| 082 |
_a420 _bSt 31 Fu |
||
| 100 | _aSter0n, H . | ||
| 245 | 0 |
_aFundamental Concepts of Language Teaching / _cH Steron. _hTextual Documents |
|
| 300 | _bill ; | ||
| 653 | _aEnglish Literature | ||
| 942 |
_2ddc _cBK |
||
| 999 |
_c37050 _d37050 |
||